000 00758nam a22002297a 4500
003 UA-OsUOA
001 44605
007 ta
008 20101201b un ||||| |||| 00| 0 ukr d
100 _aПолтава Л.
090 _a82-1
_bП52
942 _cBR
040 _aUA-OsUOA
_bukr
_cUA-OsUOA
_dUA-OsUOA
245 _aІз еспанського зшитка. Поезії, написані в Еспанії, Марокко, Мехіко й Америці (1952-1978).
300 _a31 с.
955 _a3
041 _aukr
080 _a82-1
650 7 _a82 Література. Літературознавство
_2UDC
999 _c424707
_d424707